Fc Lorient - Tous les joueurs de 2010 à 2025 - Statistiques

Statistiques générales
  • Ce quiz a été pris 188 fois
    172 depuis la dernière actualisation
  • Le résultat moyen est 59 sur 198
Statistiques - réponses
Saisons Nationalité Joueur Nombre
De Matchs
Poste % Correct
2019 - France LaurentAbergel 203 M
87%
2014 - 2024 France VincentLe Goff 322 D
83%
2022 - Suisse YvonMvogo 88 G
81%
2002 - 20042005 - 2015 France FabienAudard 352 G
77%
2022 - Tunisie MontassarTalbi 97 D
77%
2020 - 2023 Nigéria TeremMoffi 90 A
74%
2010 - 20132014 - 2017 France BenjaminLecomte 140 G
70%
2022 - 2025 France Eli JuniorKroupi 64 A
68%
2021 - Brésil IgorSilva 71 D
68%
2018 - 2023 France EnzoLe Fée 142 M
66%
2002 - 20112020 - 2022 Madagascar JérémyMorel 271 D
66%
2019 - 2025 France JulienLaporte 158 D
66%
2008 - 2011 France KevinGameiro 120 A
66%
2021 - France ThéoLe Bris 59 M
66%
2023 - 2024 France BenjaminMendy 15 D
64%
2023 - 2025 Sénégal FormoseMendy 40 D
64%
2011 - 20142016 - 2017 France JérémieAliadière 101 A
64%
2023 - France PabloPagis 31 A
64%
2022 - 20242025 - Sénégal BambaDieng 35 A
62%
2015 - 2017 Cameroun BenjaminMoukandjo 61 A
62%
2017 - 2022 France FabienLemoine 147 M
62%
2021 - 2023 Mali IbrahimaKoné 57 A
62%
2010 - 2016 CoteD'Ivoire LamineKoné 139 D
62%
2012 - 2013 CoteD'Ivoire CheickTouré 1 D
60%
2022 - Cameroun DarlinYongwa 72 D
60%
2023 - 20242025 - France IsaakTouré 24 D
60%
2023 - CoteD'Ivoire MohammedBamba 34 A
60%
2021 - 20222024 - Sénégal SambouSoumano 56 A
60%
2015 - 2018 Sénégal ZargoTouré 92 D
60%
2013 - 2016 Portugal RaphaelGuerreiro 111 D
58%
2022 - France Jean - VictorMakengo 48 M
57%
2023 - Grèce PanosKatseris 40 M
57%
2013 - 2014 Cameroun VincentAboubakar 38 A
57%
2023 - Bénin AiyegunTosin 47 A
55%
2017 - 2021 RépubliqueDémocratique Du Congo YoanneWissa 128 A
55%
2015 - 2018 Ghana Abdul MajeedWaris 73 A
53%
2020 - 2024 Autriche AdrianGrbic 56 A
53%
2021 - 2023 Burkina Faso DangoOuattara 44 A
53%
2024 - Cameroun ArthurAvom 34 M
51%
2022 - 20232025 - CoteD'Ivoire BamoMeité 21 D
51%
2010 - 2014 Gabon BrunoEcuele Manga 129 D
51%
2023 - Norvège JoelMvuka 38 A
51%
2014 - 2015 Ghana JordanAyew 34 A
51%
1996 - 20022008 - 2013 France ArnaudLe Lan 226 D
47%
2017 - 2019 Monténégro DanijelPetkovic 56 G
47%
2015 - 20162017 - 2018 Gabon DenisBouanga 47 A
47%
2014 - 2015 France DidierBouanga 1 A
47%
2022 - 2025 RépubliqueDémocratique Du Congo GédéonKalulu 71 D
47%
2018 - 20202022 - 2025 France JulienPonceau 132 M
47%
2019 - 2022 France PaulNardi 77 G
47%
2020 - 2021 Angleterre TrevohChalobah 30 D
47%
2007 - 2016 France YannJouffre 215 M/A
47%
2012 - 2016 BurkinaFaso AlainTraoré 47 M
45%
2010 - 2014 France KévinMonnet - Paquet 155 A
45%
2009 - 2012 Mali SigamaryDiarra 90 M/A
45%
2020 - 20232024 - 2025 CoteD'Ivoire StéphaneDiarra 66 A
45%
2014 - 2018 Algérie WalidMesloub 94 M
43%
2014 - 2016 Gabon DidierNdong 54 M
42%
2022 - 2024 France RomainFaivre 34 M
42%
2023 - 2024 France TiemouéBakayoko 21 M
42%
2011 - 2012 CostaRica JoelCampbell 27 A
40%
2018 - 2019 France IlanMeslier 30 G
38%
2016 - 2018 France MatteoGuendouzi 30 M
38%
2022 - 2023 Italie VitoMannone 20 G
38%
2019 - 2022 France ArnaudLaurienté 91 A
36%
2015 - 2020 France JimmyCabot 145 M
36%
2011 - 2016 Sénégal LamineGassama 116 D
36%
2012 - 2013 Gabon MarioLemina 18 M
36%
2011 - 2015 France MathieuCoutadeur 70 M
36%
2016 - 2021 France SylvainMarveaux 87 M
36%
2018 - 2022 Guinée - Bissau HouboulangMendes 82 D
34%
2006 - 20092016 - 2017 France MichaelCiani 135 D
34%
2023 - Ghana NathanielAdjei 24 D
34%
2011 - 2017 France WesleyLautoa 137 D
34%
2010 - 2013 Togo AlaixysRomao 93 M
32%
2009 - 20122016 - 2018 RépubliqueDémocratique Du Congo ArnoldMvuemba 160 M
32%
2024 - France BenjaminLeroy 4 G
32%
2015 - 2019 Maurice LindsayRose 50 D
32%
2020 - 2022 France MatthieuDreyer 32 G
32%
2022 - 2024 Mali SirineDoucouré 26 A
32%
2022 - 2024 France AymanKari 20 M
30%
2012 - 2013 France LudovicGiuly 20 M/A
30%
2008 - 2011 France MorganAmalfitano 121 M
30%
2016 - 2021 France Pierre - YvesHamel 133 A
30%
2016 - 2019 France AlexisClaude - Maurice 62 M
28%
2020 - 2021 Guadeloupe AndreawGravillon 26 D
28%
2014 - 2017 France BenjaminJeannot 90 A
28%
2021 - 2024 Nigéria BonkeInnocent 42 M
28%
2024 - 2025 France EnzoGenton 9 D
28%
2017 - 2019 France GaetanCourtet 61 A
28%
2009 - 2014 France GrégoryBourillon 128 D
28%
2009 - 2014 France MaximeBaca 130 D
28%
2013 - 2016 Comores RafidineAbdullah 50 M
28%
2014 - 2017 France RomainPhilippoteaux 88 M
28%
2016 - 2018 Cap - Vert StevenMoreira 74 D
28%
2011 - 2016 France FlorentChaigneau 23 G
26%
2014 - 2017 France FrançoisBellugou 87 M
26%
2017 - 2021 Cameroun FranklinWadja 88 M
26%
2020 - 2023 Guadeloupe TeddyBartouche 2 G
26%
2020 - 2022 France ThomasMonconduit 63 M
26%
2019 - 2021 Turquie UmutBozok 25 A
26%
2011 - 2017 France MaximeBarthelmé 122 M
25%
2019 - 2022 Madagascar ThomasFontaine 26 D
25%
2017 - 2019 Brésil FelipeSaad 56 D
23%
2019 - 2022 France JeromeHergault 50 D
23%
2010 - 20132014 - 2015 France MathiasAutret 71 M
23%
2010 - 2015 Togo GillesSunu 87 A
21%
2021 - 2022 France LéoPétrot 23 D
21%
2022 - 2023 France YoannCathline 26 A
21%
2023 - 2024 Maroc ImranLouza 14 M
19%
2017 - 2021 France JonathanDelaplace 47 M
19%
2011 - 2015 France JulienQuercia 11 A
19%
2006 - 2011 France LionelCappone 35 G
19%
2011 - 2015 Portugal Pedrinho 40 D
19%
2016 - 2018 Guinée IbrahimaConté 30 D
17%
2018 - 2019 Mali IbrahimSissoko 4 A
17%
2024 - 2025 Nigéria IsaacJames 9 D
17%
2020 - 20212023 - 2024 France LorisMouyokolo 5 D
17%
2018 - 2021 France MatthieuSaunier 44 D
17%
2014 - 2015 Algérie MehdiMostefa 25 M
17%
2020 - 2024 France QuentinBoisgard 58 M
17%
2013 - 2015 Guinée SadioDiallo 40 M
17%
2022 - 2023 France AdilAouchiche 13 M
15%
2024 - France BandiougouFadiga 7 M
15%
2012 - 2013 France BenjaminCorgnet 29 M
15%
2023 - 2024 Guinée DemboSylla 2 D
15%
2012 - 2015 France EnzoReale 28 M
15%
2007 - 20082009 - 2015 France FabienRobert 54 M
15%
2013 - 2016 France ValentinLavigne 25 A
15%
2023 - 2024 Sénégal AlfredGomis 1 G
13%
2023 - 2024 Algérie BadredineBouanani 11 A
13%
2013 - 2014 France BaptisteReynet 7 G
13%
2023 - 2025 Sénégal BassirouN'diaye 5 A
13%
2016 - 2018 Comores FaizSelemani 22 A
13%
2010 - 2011 France FrancisCoquelin 25 M
13%
2005 - 20062017 - 2018 France GaelDanic 43 M
13%
2014 - 2015 Belgique GianniBruno 12 A
13%
2011 - 2012 France JérémieJanot 3 G
13%
2018 - 2020 France JorisSainati 29 D
13%
2011 - 2013 Argentine LucasMareque 45 D
13%
2016 - 2020 Guinée MohamedMara 22 A
13%
2015 - 2017 CoteD'Ivoire MorykéFofana 18 A
13%
2016 - 2018 France PaulDelecroix 10 G
13%
2021 - 2022 France RedwanBourlès 4 M
13%
2018 - 2019 Sénégal SidySarr 20 M
13%
2013 - 2015 France BryanPelé 27 M
11%
2016 - 2017 Portugal Cafu 23 M
11%
2010 - 20122013 - 2014 CoteD'Ivoire CheickDoukouré 24 M
11%
2011 - 2013 Suisse InnocentEmeghara 32 A
11%
2018 - 2020 France JonathanMartins Pereira 1 D
11%
2016 - 2017 France MathieuPeybernes 20 D
11%
2017 - 2020 France MaximeEtuin 43 M
11%
2021 - 2022 Allemagne MoritzJenz 18 D
11%
2017 - 20182019 - 2020 France QuentinLecoeuche 19 D
11%
2021 - 2022 France BaptisteMouazan 4 M
9%
2022 - 2023 France ChrislainMatsima 7 D
9%
2009 - 20102011 - 2012 Argentine GabrielPenalba 15 M
9%
2023 - 2024 France GinoCaoki 2 M
9%
2018 - 2020 France MaximePattier 3 G
9%
2012 - 2013 Ghana MohammedAbu 8 M
9%
2018 - 2019 CoteD'Ivoire MoussaGuel 13 A
9%
2009 - 2011 France OlivierMonterrubio 23 A
9%
2015 - 2017 France PapePaye 17 D
9%
2019 - 20202021 - 2022 France SamuelLoric 4 D
9%
2009 - 2012 Argentine SebastianDubarbier 23 D
9%
2016 - 2017 Ghana AlhassanWakaso 15 M
8%
2015 - 2018 France ErwinKoffi 16 D
8%
2009 - 2011 Argentine FrancoSosa 48 D
8%
2009 - 2011 France JamesFanchone 44 A
8%
2010 - 2011 France LynelKitambala 38 A
8%
2018 - 2019 France MamadouKamissoko 12 D
8%
2018 - 2019 France PeterOuaneh 2 D
8%
2013 - 2015 Gabon YoannWachter 12 D
8%
2023 - 2024 France AurélienPelon 2 D
6%
2015 - 2017 Tunisie IssamBen Khemis 4 M
6%
2018 - 2019 RépubliqueDémocratique Du Congo JasonLokilo 6 A
6%
2013 - 2014 Tunisie LarryAzouni 4 M
6%
2018 - 2019 Maroc MalcomEdjouma 6 M
6%
2014 - 2016 France MarvinGakpa 6 M
6%
2013 - 2014 France MaxenceDerrien 1 D
6%
2013 - 2014 France PierreLavenant 1 M
6%
2010 - 20132015 - 2016 RépubliqueDémocratique Du Congo RemiMulumba 29 M
6%
2018 - 2019 France TristanBoubaya 5 M
6%
2020 - 2021 Haiti YoannEtienne 3 D
6%
2015 - 2016 Gabon YronduMusavu - King 4 D
6%
2018 - 2019 BurkinaFaso AbdoulSakirou Bila 5 A
4%
2016 - 2017 Congo BradleyMazikou 1 D
4%
2022 - 2023 France ErwanColas 1 A
4%
2015 - 2016 France HamadouKaramoko 4 D
4%
2018 - 2019 France Pierre - EtienneLemaire 1 D
4%
2023 - 2024 Gabon RoyceOpenda 1 A
4%
2011 - 2012 Guinée SimonFalette 1 D
4%
2018 - 2019 Gabon WilfriedEbane 4 D
4%
2019 - 2020 RépubliqueDémocratique Du Congo YannKitala 14 A
4%
2024 - 2025 Mauritanie DembaYatera 1 D
2%
2011 - 2012 Congo LadislasDouniama 7 A
2%
2024 - France SohanBaldoni 2 A
2%
2024 - 2025 France ThomasColleaux 1 M
2%
Aucun quiz correspondant
Distribution des résultats
% des personnes avec chaque résultat
Percentile par nombre de réponses
Votre historique - résultats
Vous n’avez pas pris ce quiz depuis la dernière actualisation